00925nam a2200265 a 4500001001000000003000900010005001700019007001000036008004100046020002900087020001500116040002200131082001500153245007400168260003800242300002800280490005400308500002200362500008400384505006600468650002500534700002300559700002300582830005400605000036040DO-SdBNP20171113095013.0000036040111124s2001 sp a 001 0 spa d a848236023x (colección) a8482360302 aBPMSUbspacBPMSU 4a750bT255a00aTécnicas básicas de acuarela / ceditor Rachel Wolf, Greg Albert. aBarcelona :bIdea Books,c[200?]. a120 p. :bil. ;c30 cm.1 aCurso básico de técnicas de dibujo y pintura  aIncluye índice. aCurso básico de técnicas de dibujo y pintura (título tomado del estuche ) gTénica básicas de acuarela --rGreg Albert,rRachel Wolf. 4aACUARELA xTÉCNICA12aAlbert, Greg,eed.12aWolf, Rachel,eed. 0aCurso básico de técnicas de dibujo y pintura